| 000 | 00503cam a2200205ua 4500 | ||
|---|---|---|---|
| 020 | _c10.50 | ||
| 041 |
_amal _h |
||
| 082 |
_a519.5 _bSUR/SA |
||
| 100 | _aSurendran, P U . | ||
| 245 |
_aSamkhyikam - 1 / _cP U Surendran. _hTextual Documents |
||
| 250 |
_a1 / _b. |
||
| 260 |
_aThiruvananthapuram : _bState Instititute of Languages , _c1971. |
||
| 300 | _a251 ; . | ||
| 365 | _a10.50 | ||
| 504 | _a | ||
| 650 | _aStatistics | ||
| 942 | _cBK | ||
| 999 |
_c6012 _d6012 |
||